Apología de Sócrates.
Збережено в:
| Автор: | |
|---|---|
| Інші автори: | |
| Формат: | Невідомо |
| Мова: | Англійська |
| Опубліковано: |
Santiago, Chile:
Universitaria,
2015.
|
| Редагування: | Novena edición, 2015. |
| Серія: | Colección Los clásicos
|
| Предмети: | |
| Теги: |
Додати тег
Немає тегів, Будьте першим, хто поставить тег для цього запису!
|
MARC
| LEADER | 00000 a2200000 4500 | ||
|---|---|---|---|
| 003 | CL-VaPUC | ||
| 005 | 20220909083011.0 | ||
| 008 | 220823b ||||| |||| 00| 0 eng d | ||
| 999 | |c 438403 |d 438401 | ||
| 020 | |a 978-956-11-2078-5 | ||
| 040 | |c Pontificia Universidad Católica de Valparaíso | ||
| 082 | |2 22 |a 183.2 PLA 2015 | ||
| 100 | |a Platón |9 861197 |d 427 A.C. - 347 A.C. |e autor | ||
| 245 | |a Apología de Sócrates. | ||
| 250 | |a Novena edición, 2015. |b Tercera reimpresión, 2020. | ||
| 260 | |a Santiago, Chile: |b Universitaria, |c 2015. | ||
| 300 | |a 139 páginas. | ||
| 490 | |a Colección Los clásicos | ||
| 583 | |k Cristina María Rojas Aguilar |c 20220823 | ||
| 600 | 0 | |9 870080 |a Sócrates, |d 470 A.C.-399 A.C. |x Filósofo | |
| 650 | 0 | |9 267087 |a Filosofía socrática | |
| 650 | 0 | |9 255705 |a Filosofía antigua | |
| 700 | |9 554750 |a Vigo, Alejandro G |e traducción |e análisis |e notas | ||
| 942 | |2 ddc |c BK | ||
| 952 | |0 0 |1 0 |2 ddc |4 0 |6 183_200000000000000_PLA_2015 |7 0 |8 A |9 586304 |a BIBTEO |b BIBTEO |c GEN |d 2022-08-22 |e 11 |g 5300.00 |i 5654201 |l 8 |m 2 |o 183.2 PLA 2015 |p 5654201 |r 2025-01-17 |s 2024-08-06 |t 1 |v 5300.00 |w 2022-08-22 |y BK |k ICR | ||